Statistics for Premier League 2021-22 Kits

Click here to take the quiz!

General Stats

  • This quiz has been taken 41 times
  • The average score is 19 of 20

Answer Stats

Answer% Correct
Arsenal
100%
Chelsea
100%
Everton
100%
Manchester City
100%
Manchester United
100%
Tottenham
100%
West Ham
100%
Aston Villa
97%
Brighton
97%
Crystal Palace
97%
Leicester
97%
Liverpool
97%
Newcastle
97%
Norwich
97%
Watford
97%
Wolves
97%
Brentford
95%
Burnley
92%
Leeds
92%
Southampton
92%

Score Distribution

Percentile by Number Answered

Percent of People with Each Score

Your Score History

You have not taken this quiz